<?xml version="1.0" encoding="UTF-8"?>
<collection xmlns="http://www.loc.gov/MARC21/slim">
 <record>
  <leader>01328nam a2200181Ia 4500</leader>
  <controlfield tag="001">CTU_22477</controlfield>
  <controlfield tag="008">210402s9999    xx            000 0 und d</controlfield>
  <datafield tag="082" ind1=" " ind2=" ">
   <subfield code="a">181.19</subfield>
  </datafield>
  <datafield tag="082" ind1=" " ind2=" ">
   <subfield code="b">Qu105</subfield>
  </datafield>
  <datafield tag="100" ind1=" " ind2=" ">
   <subfield code="a">Lê Văn Quán</subfield>
  </datafield>
  <datafield tag="245" ind1=" " ind2="0">
   <subfield code="a">Đại cương lịch sử tư tưởng Trung Quốc</subfield>
  </datafield>
  <datafield tag="245" ind1=" " ind2="0">
   <subfield code="c">Lê Văn Quán</subfield>
  </datafield>
  <datafield tag="260" ind1=" " ind2=" ">
   <subfield code="a">Hà Nội</subfield>
  </datafield>
  <datafield tag="260" ind1=" " ind2=" ">
   <subfield code="b">Giáo Dục</subfield>
  </datafield>
  <datafield tag="260" ind1=" " ind2=" ">
   <subfield code="c">1997</subfield>
  </datafield>
  <datafield tag="520" ind1=" " ind2=" ">
   <subfield code="a">Sách cung cấp những điều cần thiết, có tính cách nhập môn, trong việc nghiên cứu lịch sử tư tưởng Trung Quốc. Nội dung được chia làm bốn thiên: Tư tưởng thời kỳ Tiền Tần; tư tưởng từ Tần Hán đến Tùy Đường ngũ đại; tư tưởng thời kỳ Tống, Nguyên, Minh, Thanh; tư tưởng thời kỳ Cận đại. Lịch sử tư tưởng Trung Quốc bao gồm nhiều lĩnh vực, nó không chỉ phản ánh tư tưởng triết học mà còn có cả tư tưởng ở các mặt: sử học, văn học, kinh tế, khoa học kỹ thuật, tôn giáo... ở từng thời kỳ lịch sử</subfield>
  </datafield>
  <datafield tag="650" ind1=" " ind2=" ">
   <subfield code="a">knowledge, theory of,philosophy, chinese</subfield>
  </datafield>
  <datafield tag="980" ind1=" " ind2=" ">
   <subfield code="a">Trung tâm Học liệu Trường Đại học Cần Thơ</subfield>
  </datafield>
 </record>
</collection>
